| 000 | 00460nam a2200169Ia 4500 | ||
|---|---|---|---|
| 999 |
_c29862 _d29862 |
||
| 003 | OSt | ||
| 005 | 20210107091401.0 | ||
| 008 | 190216s9999||||xx |||||||||||||| ||und|| | ||
| 040 | _coclc | ||
| 082 |
_a894.812301 _bVAI/Y |
||
| 100 |
_aVaisakhan _98129 |
||
| 245 | 0 |
_aYamakam / _cVaisakhan |
|
| 260 |
_bCurrent Books, _c1998. _aThrissur: |
||
| 300 | _a78p | ||
| 650 | _aKathakal | ||
| 942 |
_cBK _2ddc _h894.812301 _iVAI/Y _k894.812301 _mVAI/Y |
||